000 00727nam a2200241 i 4500
001 C2-0257197
003 PPAK
005 20180727224315.0
008 040815s1999 my |||| ||||| | may d
020 _a9830981967
040 _aPPAK
_beng
_cPPAK
_erda
082 0 4 _a371.2009595
_223
090 0 0 _a371.2009595
_bMOH
_dG
100 0 _aMohamad A.Rahman,
_eauthor
245 1 0 _aCermin pengurusan pendidikan
264 1 _aBatu Caves, Selangor :
_bPustaka Ilmi ,
_c1999
300 _avii, 166 pages ;
_c21 cm
336 _2rdacontent
_atext
337 _2rdamedia
_aunmediated
338 _2rdacarrier
_avolume
650 1 0 _aSchool administrators - Malaysia. ; School management and organization - Malaysia.
942 _ddc
_cB
999 _c69155
_d69155